La Reina del Sur : segunda parte /
Presentación en DVD que reúne en siete volúmenes con un total de treinta y cinco capítulos, la segunda parte de la serie La Reina del Sur, basada en la novela del mismo nombre de Pérez Reverte. La adaptación televisiva para Latinoamérica constó de 63 episodios y para la cadena española Antena 3, de...
-д хадгалсан:
| Үндсэн зохиолч: | |
|---|---|
| Бусад зохиолчид: | , , , , , , |
| Формат: | |
| Хэл сонгох: | испани |
| Нөхцлүүд: | |
| Шошгууд: |
Шошго байхгүй, Энэхүү баримтыг шошголох эхний хүн болох!
|
MARC
| LEADER | 00000ngm^a2200000^a^4500 | ||
|---|---|---|---|
| 001 | 000315453 | ||
| 005 | 20250521000000.0 | ||
| 009 | 20260310113245.765 | ||
| 037 | |a Acervo ITESO - Biblioteca | ||
| 041 | |a ESP | ||
| 082 | |a 320. 972 |b REI S. 1 V. 2 | ||
| 100 | |a Contreras, Madeleine |e (producción) | ||
| 240 | 1 | 4 | |a [La Reina del Sur] |
| 240 | 1 | 4 | |a [La Reina del Sur. Adaptaciones] |
| 245 | 1 | 3 | |a La Reina del Sur : |b segunda parte / |c Prod. de M. Contreras. |
| 264 | 2 | |a México : |b Multimusic [distribución], |c 2011, c2011 | |
| 300 | |a 7 DVD regiones 1 y 4 (varias duraciones) : |b color + |e 1 caja + 1 estuche | ||
| 336 | |a imagen móvil bidimensional |b tdi |2 rdacontenido | ||
| 337 | |a video |b v |2 rdamedio | ||
| 338 | |a videodisco |b vd |2 rdasoporte | ||
| 500 | |a Basado en: La Reina del Sur, de Arturo Pérez Reverte | ||
| 520 | |a Presentación en DVD que reúne en siete volúmenes con un total de treinta y cinco capítulos, la segunda parte de la serie La Reina del Sur, basada en la novela del mismo nombre de Pérez Reverte. La adaptación televisiva para Latinoamérica constó de 63 episodios y para la cadena española Antena 3, de 12 episodios. Allí se narra las aventuras de Teresa Mendoza, apodada la Reina del Sur, una joven hermosa nacida en Culiacán, quien se involucra en el negocio del narcotráfico a través de su novio, el "Güero" Dávila, y precisamente a partir de la muerte de éste, comenzará una nueva vida llena de peligros, pasiones y ganancias, derivado de persecuciones, encuentros amorosos, detenciones y negociaciones con el tráfico de drogas. | ||
| 649 | |a XX | ||
| 650 | |a Mujeres en la Televisión | ||
| 650 | |a Mujeres Mexicanas - |x Condiciones Sociales y Culturales - |x Tema Principal | ||
| 650 | |a Narcotraficantes en la Televisión | ||
| 650 | |a Narcotraficantes - |x Condiciones Sociales y Culturales | ||
| 650 | |a Series Policíacas | ||
| 650 | |a Series Dramáticas | ||
| 650 | |a Series de Televisión | ||
| 650 | |a Televisión - |z México - |y 2010-2019 | ||
| 650 | |a Televisión - |z México - |y Siglo XXI | ||
| 650 | |a Narconovela - |x Adaptaciones para Televisión | ||
| 650 | |a Novela Española - |x Adaptaciones para Televisión | ||
| 650 | |a Literatura Española - |y Siglo XX - |x Adaptaciones para Televisión | ||
| 650 | |a Literatura y Televisión | ||
| 650 | |a Narcotráfico - |z México - |x Tema Principal | ||
| 650 | |a Narcotráfico - |z España - |x Tema Principal | ||
| 650 | |a Crimen Organizado - |z México | ||
| 650 | |a Crimen Organizado - |z España | ||
| 650 | |a Delitos contra la Salud - |z México | ||
| 650 | |a Delitos contra la Salud - |z España | ||
| 650 | |a Cárceles y Centros de Readaptación Social - |z España | ||
| 650 | |a Violencia - |z México | ||
| 650 | |a Violencia - |z España | ||
| 650 | |a Venganza | ||
| 650 | |a Relaciones de Pareja | ||
| 700 | |a Doehner, Walter |e (dirección general) | ||
| 700 | |a Godoy, Martha |e (producción ejecutiva) | ||
| 700 | |a León Ferrer, Hugo |e (producción ejecutiva) | ||
| 700 | |a Wills Romero, Patricio |e (producción ejecutiva) | ||
| 700 | |a Castillo, Kate del |e (actuación) | ||
| 700 | |a Zurita, Humberto |e (actuación) | ||
| 700 | |a Amaya, Rafael |e (actuación) | ||
| 910 | |a Fondo General | ||
| 920 | |a Audiovisuales - DVDs | ||
| 905 | |a 302 | ||
| 901 | |a DVD0009426 |b IT2 |c DVS |i C129644 |u 20250521 | ||
| 901 | |a DVD0009427 |b IT2 |c DVS |i C129644 |u 20250521 | ||
| 901 | |a DVD0009428 |b IT2 |c DVS |i C129644 |u 20250521 | ||
| 901 | |a DVD0009429 |b IT2 |c DVS |i C129644 |u 20250521 | ||
| 901 | |a DVD0009431 |b IT2 |c DVS |i C129644 |u 20250521 | ||
| 901 | |a DVD0009430 |b IT2 |c DVS |i C129644 |u 20250521 | ||
| 901 | |a DVD0009425 |b IT2 |c DVS |i C129644 |u 20250521 | ||
| 902 | |a https://opac.biblio.iteso.mx/vufind/Record/000315453 | ||